Η τυραννία των ΜΜΕ

Αποθηκεύτηκε σε:
Λεπτομέρειες βιβλιογραφικής εγγραφής
Κύριος συγγραφέας: Ramonet, Ignacio
Άλλοι συγγραφείς: Μουρκούση, Φωτεινή (Μεταφραστής)
Μορφή: Βιβλίο
Γλώσσα:Greek
Δημοσίευση: Αθήνα : Πόλις, c1999
Θέματα:
Ετικέτες: Προσθήκη ετικέτας
Δεν υπάρχουν, Καταχωρήστε ετικέτα πρώτοι!

MARC

LEADER 00000nam a2200000 i 4500
001 1/94580
008 991126s1999 gre d
020 |a 9607478878 
035 |l 10054883 
040 |a GR-MY-UA  |b gre  |e aacr 
041 0 |a gre 
082 0 |a 302.23 
100 1 |a Ramonet, Ignacio. 
245 1 2 |a Η τυραννία των ΜΜΕ /  |c Ιγνάσιο Ραμονέ ; μετάφραση Φωτεινή Μουρκούση 
260 |a Αθήνα :   |b Πόλις,   |c c1999 
300 |a 164 σ. 
650 0 0 |a Mass media  |x Social aspects. 
650 0 0 |a Communication  |x Social aspects. 
700 1 |a Μουρκούση, Φωτεινή.  |4 trl 
852 |a INST  |b LESVOS  |e 19991126  |h 302.23 RAM  |p 005100022644  |q 005100022644  |t BK  |y 0 
852 |a INST  |b LESVOS  |e 20140513  |h 302.23 RAM  |p 005100054170  |q 005100054170  |t BK  |y 0 
901 |a BIBL1-1999-3 
901 |a BIBL1-2014-2 
909 |a Λ  |b 070774 
909 |a Λ  |b 188958 
922 |a 1ΕΛΗ  |b 199911  |c ΚΠΣ/ΤΚ  |d ΠΑΠΑΣΩΤΗΡΙΟΥ 
950 |a 103-1999-11-11 
970 |a ΤΖΑΦΕΡΗ  |b ΕΥΑΓΓΕΛΙΑ  |z 1999/12/01